Situating a legendary folklore hero in mainstream history (Record no. 530999)

000 -LEADER
fixed length control field 00579nam a22001457a 4500
008 - FIXED-LENGTH DATA ELEMENTS--GENERAL INFORMATION
fixed length control field 250722b ||||| |||| 00| 0 eng d
100 ## - MAIN ENTRY--PERSONAL NAME
Personal name Reviewed by Saurav Kumar Rai
245 ## - TITLE STATEMENT
Title Situating a legendary folklore hero in mainstream history
260 ## - PUBLICATION, DISTRIBUTION, ETC. (IMPRINT)
Place of publication, distribution, etc Social Science in Perspective
300 ## - PHYSICAL DESCRIPTION
Extent 17(2), Apr-Jun, 2025: p. 263-265
520 ## - SUMMARY, ETC.
Summary, etc Sinha, J.N. The Raja, the rebel and the monk: Fateh sahi's war against the East India Company. Gurugram: Penguin Books, 2025, 239p. Rs.599
906 ## - LOCAL DATA ELEMENT F, LDF (RLIN)
Subject DIP BOOK REVIEW
942 ## - ADDED ENTRY ELEMENTS (KOHA)
Item type Articles
Holdings
Withdrawn status Lost status Source of classification or shelving scheme Damaged status Not for loan Permanent location Current location Date acquired Barcode Date last seen Koha item type
          Indian Institute of Public Administration Indian Institute of Public Administration 2025-07-22 AR136741 2025-07-22 Articles

Powered by Koha